| 000 | 00908nas a2200289 4500 | ||
|---|---|---|---|
| 001 | BR0809888 | ||
| 003 | BR-BrBNA | ||
| 005 | 20231205112840.0 | ||
| 007 | ta | ||
| 008 | 230509b bl.|||p| |||| 00| 00por d | ||
| 040 |
_aBR-BrBNA _bpor _cBiblioteca Nacional de Agricultura |
||
| 041 | _a(Pt) | ||
| 072 | _aL01; L10; S01 | ||
| 100 | 1 | _aCartaxo, F.Q. | |
| 100 | 1 | _aSousa, W.H. de | |
| 100 | 1 | _aCézar, M.F. | |
| 100 | 1 | _aGonzaga Neto, S. | |
| 100 | 1 | _aCunha, M. das G.G. | |
| 245 | 1 | _aEfeitos do genótipo e da condição corporal sobre o desempenho de cordeiros terminados em confinamento | |
| 650 | _aCORDEIRO | ||
| 650 | _aCONSUMO ALIMENTAR | ||
| 650 | _aCRUZAMENTO ANIMAL | ||
| 650 | _aCONFINAMENTO | ||
| 773 | 0 |
_tRevista Brasileira de Zootecnia (Brazil) _xISSN 1516-3598 _g(Aug 2008), v. 37(8) p. 1483-1489 _wBR0809888 |
|
| 909 |
_a202311 _bLúcia _c55 _dLúcia Elande |
||
| 942 |
_2AGRIS _n0 _cANA |
||
| 999 |
_c200362 _d200362 |
||